[Event "Bonn GSK"]
[Site "Bonn"]
[Date "1996.??.??"]
[Round "?"]
[White "Gurevich, Mikhail"]
[Black "Kveinys, Aloyzas"]
[Result "1-0"]
[WhiteElo "2605"]
[BlackElo "2530"]
[Annotator "Gurevich,M"]
[PlyCount "89"]
[EventDate "1996.08.??"]
[EventType "tourn"]
[EventRounds "12"]
[EventCountry "GER"]
[EventCategory "12"]
[SourceTitle "CBM 056"]
[Source "ChessBase"]
[SourceDate "1997.02.01"]
[SourceVersion "1"]
[SourceVersionDate "1997.02.01"]
[SourceQuality "1"]

1. d4 {King Kanstler,B} Nf6 2. c4 e6 3. Nc3 Bb4 4. Qc2 c5 5. dxc5 Bxc5 6. Nf3
Qb6 7. e3 Be7 (7... Qc7 {Kanstler,B Ruzele,D-Gurevich,M/Bonn GSK-3 Bad
Godesburg/1996 ;CBM56}) 8. b3 (8. a3 {Kanstler,B} d6 9. Be2 O-O 10. O-O Nbd7
11. Rd1 a6 12. e4 Qc7 13. Nd4 b6 14. Be3 Bb7 15. f3 $14 {Beljavskij,A-Sokolov,
An Jugoslavija 1994 1/2-1/2 35}) 8... O-O (8... a6 9. Bb2 Qc7 10. g4 h6 11. Rg1
b6 12. h4 Bb7 13. Be2 Nc6 14. a3 Na5 15. g5 Nh5 16. O-O-O $36 {1-0 Llanos,
G-Panno,O/Trelew op (7) 1995 (46)}) 9. Bb2 Nc6 10. a3 (10. Be2 $6 d5 11. cxd5
Nb4 12. Qd2 Nfxd5 $132 (12... Rd8 $5)) 10... d5 $5 11. b4 $5 (11. cxd5 exd5 12.
Bd3 (12. Rd1 Be6 $132) 12... Bg4 $132) 11... dxc4 (11... a5 12. c5 Qc7 (12...
Qa7 13. b5 $36) 13. b5 Nb8 14. Na4 Nbd7 15. Rc1 Ne4 16. Bd3 $36 (16. c6 $5)) (
11... Bd7 {Kanstler,B} 12. c5 $14) 12. Bxc4 Bd7 (12... a5 13. b5 Nb8 14. O-O
$14) 13. Qe2 Rac8 14. O-O Qc7 {Nb4} (14... Nxb4 $2 15. axb4 Qxb4 16. Ne5 $18)
15. Bd3 Rfd8 16. Rac1 Qb8 17. h3 $5 (17. Ne4 Ng4 $5 18. h3 Nge5 19. Bb1 Be8
$132) 17... Be8 18. Ne4 Nxe4 (18... Nd5 {Kanstler,B} 19. Bb1 $14) 19. Bxe4 b5 {
20...a5} (19... a5 {Kanstler,B} 20. b5 Na7 21. a4 $16) 20. Bb1 $6 {Qc2} (20.
Rc2 $1 {[/\21.Rfc1]} a5 (20... a6 21. Rfc1 $16) 21. Rfc1 axb4 22. Bxc6 Bxc6 23.
Rxc6 Rxc6 24. Rxc6 bxa3 $14) 20... a5 21. Qc2 $6 (21. Ba1 $1 axb4 22. Qc2 g6
23. Qb2 f6 24. axb4 $36) 21... g6 $13 22. Ba1 {Qb2} Nd4 (22... Nxb4 $2 {
Kanstler,B} 23. Qb2 $18) (22... axb4 {Kanstler,B} 23. Qb2 f6 24. axb4 Nxb4 25.
Ng5 $40 {~/=}) 23. Qb2 Nxf3+ 24. gxf3 f6 25. Ba2 Bf7 26. Rxc8 (26. bxa5 Qa8
$132) 26... Rxc8 27. f4 {King: The f-pawns provide cover for the bishops,
allowing White to dominate the centre. Advancing to f4 would not be such an
attractive proposition if the pawn on f2 stood on g2: the e3 pawn and the
seventh rank would be weaker.} (27. bxa5 $6 {Kanstler,B} Qa8 $1 $10 {xf3,a5})
27... axb4 28. axb4 Qd6 29. Rb1 Kg7 $6 (29... Qd3 $5 $132) 30. Qe2 Ra8 $6 (
30... Rb8 {Kanstler,B} 31. Bd4 $14) 31. Bc3 (31. Bd4 $2 Rxa2 $1 32. Qxa2 e5 33.
fxe5 fxe5 $17) 31... Qc6 (31... Ra3 {Kanstler,B} 32. Qb2 Qa6 33. Bb3 $16) 32.
Rc1 {Bxf6} Qe4 33. Bb1 Qd5 34. Bd4 Rd8 (34... Bxb4 35. Bxf6+ Kxf6 36. Qb2+ $14)
35. Rc7 $36 Rd7 $2 $138 {[#]} (35... Bxb4 {Kanstler,B} 36. Bxf6+ Kxf6 37. Qb2+
$18) 36. Be4 $1 Qd6 (36... Qxe4 37. Rxd7 Qb1+ 38. Kg2 Qxb4 39. Qc2 $16) 37. Rc5
$16 Qa6 38. Qxb5 Ra7 39. Qxa6 Rxa6 40. b5 Ra4 (40... Ra1+ 41. Bxa1 Bxc5 42. Bd4
$18) 41. Rc7 Bd6 42. Rd7 Bb8 43. Bc6 $18 e5 (43... Rc4 44. Bb6 $18 {(/\45.Rd8)}
) 44. fxe5 fxe5 45. Bb6 1-0

[Event "Linares zt"]
[Site "Linares"]
[Date "1995.??.??"]
[Round "1"]
[White "Arlandi, Ennio"]
[Black "Gurevich, Mikhail"]
[Result "1/2-1/2"]
[WhiteElo "2455"]
[BlackElo "2585"]
[Annotator "Gurevich,M"]
[PlyCount "81"]
[EventDate "1995.11.??"]
[EventType "swiss"]
[EventRounds "11"]
[EventCountry "ESP"]
[SourceTitle "CBM 051"]
[Source "ChessBase"]
[SourceDate "1996.04.01"]
[SourceVersion "1"]
[SourceVersionDate "1996.04.01"]
[SourceQuality "1"]

1. d4 {Dautov} Nf6 2. c4 e6 3. Nc3 Bb4 4. Qc2 c5 5. dxc5 Bxc5 6. Nf3 Qb6 7. e3
Qc7 8. a3 a6 9. b4 Be7 10. e4 d6 11. Be2 b6 12. O-O Bb7 13. Bf4 Nbd7 14. Rac1 (
14. Rfd1 {-48/743}) 14... O-O 15. Rfd1 Rfd8 16. Rd2 (16. Nd2 $6 {Dautov} Rac8
17. f3 Ne5 18. Qb1 d5 19. Kh1 Nh5 20. Bxe5 Qxe5 21. exd5 exd5 $17 {Kalesis,
N-Ionescu,Co/Badalona (09) ;CBM 48 1995}) 16... Ne5 $5 (16... Rac8 17. Rcd1 (
17. h3 {Dautov} h6 $6 (17... Qb8 18. Qb1 Nf8 $5) 18. Rcd1 e5 (18... Nf8 19. e5
$1) 19. Be3 Bf8 (19... b5 20. Nh4 bxc4 21. Nf5 $16) 20. Nh4 g6 21. Nd5 Qb8 22.
Qb1 $14 {Thorsteins,K-Hansen,L/Kobenhavn 1989}) 17... Ne8 $5 $13) 17. Nxe5 dxe5
18. Rxd8+ Rxd8 19. Be3 Rc8 $5 {(/\20...Nd7,21...Bc6,a6-a5<=><<)} (19... a5 $5
20. Nb5 (20. Rb1 axb4 21. axb4 Bc6 $13 (21... Ba6 $6 22. Ra1 Bxc4 $2 23. Nb5
$18)) 20... Qc6 21. Na7 Qxe4 $6 (21... Qc7 $10) 22. Qxe4 Nxe4 23. Bxb6 (23. c5
$5) 23... Rd2 24. Bf3 axb4 25. c5 $1 $36) 20. f3 h6 21. Bf1 (21. Na4 $5 {Dautov
} Nd7 22. c5 bxc5 23. Nxc5 (23. bxc5 $2 Qa5) 23... Nxc5 24. bxc5 $14) 21... Nd7
{[/\22...Bg5]} 22. Rd1 (22. Qf2 $5 {/\Na4} Bg5 (22... Bc6 23. Nd5 exd5 24. cxd5
Qb7 25. dxc6 Rxc6 $14) 23. Bxg5 hxg5 24. Rd1 f6 25. Qd2 Nf8 26. Qd6 $14 {/\Na4}
) 22... Bc6 23. Qd2 (23. Nd5 $5 {Dautov} exd5 24. cxd5 Bb7 25. Qxc7 Rxc7 26. d6
Bxd6 27. Rxd6 b5 28. Kf2 (28. f4 f6 $10) 28... Kf8 $10) 23... Rd8 24. Qc1 $6 (
24. Qf2 $142 Rb8 $5 {(/\25...a5)} (24... Bg5 $6 25. Bxg5 hxg5 26. Qd2 $1 f6 27.
Qd6 $16) (24... a5 25. b5 (25. bxa5 {Dautov} bxa5 $132) 25... Bb7 26. Na4 $16))
(24. Nd5 $2 {Dautov} exd5 25. cxd5 Nb8 (25... Ba4 $2 26. d6 $16) 26. Qc2 Qd6
27. Bxb6 Ba4 $19) 24... a5 $1 $132 25. bxa5 (25. Qb2 {Dautov} axb4 26. axb4 Ra8
$10 {><b4}) 25... bxa5 26. Nb5 Qb8 {[/\27...Bc5]} (26... Bxb5 $5 {Dautov} 27.
cxb5 Qxc1 28. Bxc1 Bc5+ 29. Kh1 Bd4 30. Bd2 a4 31. Bb4 (31. Rc1 Bb2) 31... Rc8
$132) 27. Qc3 $5 {[><a5]} a4 (27... Bc5 $2 28. Bxc5 Nxc5 29. Rxd8+ Qxd8 30.
Qxe5 $16) 28. Qa5 f5 $1 (28... Qa8 29. Na7 $16 (29. Na7 {Dautov} Re8 30. Qc7
Nb8 31. c5 $16)) 29. exf5 (29. Nc7 Nf8 $132) (29. Qxa4 {Dautov} fxe4 30. fxe4
Bc5 $1 (30... Bxe4 $2 31. Nc3 Bc5 32. Bxc5 Nxc5 33. Qb4 Rc8 34. Qxb8 Rxb8 35.
Re1 $16) (30... Nc5 $2 31. Qa7 $16) 31. Bxc5 Nxc5 32. Qa7 Nxe4 33. Qxb8 Rxb8
$14) 29... exf5 30. Qxa4 (30. Qa6 $142 Qb7 31. Qxb7 Bxb7 32. c5 g6 $1 33. Bc4+
$14) 30... f4 31. Bf2 e4 $132 32. fxe4 (32. Qa6 $5 Ne5 $1 (32... e3 $2 {Dautov}
33. Bxe3 Bxb5 34. Qe6+ Kf8 35. cxb5 fxe3 36. Bc4 $18) 33. Rxd8+ Qxd8 34. fxe4
f3 $44 35. Nc3 (35. Nd4 {Dautov} Bc5 36. Nxc6 Bxf2+ 37. Kxf2 Qd2+ 38. Kg1 Qe3+
39. Kh1 fxg2+ 40. Kxg2 Qf3+ 41. Kg1 Qe3+ $10) 35... fxg2 36. Bxg2 Qd2 37. Qc8+
Kf7 (37... Kh7 {Dautov} 38. Qf5+ Ng6 39. Nd5 $16) 38. Nd5 $16) 32... Nc5 $5 (
32... Bxe4 33. c5 $36) 33. Rxd8+ Qxd8 34. Qa7 (34. Qc2 Nxe4 $36) 34... Nxe4 35.
Bd4 (35. a4 Nxf2 36. Qxf2 Qf8 $40) (35. Bb6 $142 $1 {Dautov} Qe8 (35... Qxb6+
36. Qxb6 Bc5+ 37. Qxc5 Nxc5 $16) 36. Nd4 $16) 35... f3 $1 36. Qc7 $1 (36. gxf3
Nd2 37. Be2 Bf8 $5 $40 {(/\38...Qg5)} (37... Nxf3+ 38. Bxf3 Bxf3 $44) (37...
Bxf3 $44 {Dautov})) 36... Qe8 $5 (36... Qxc7 37. Nxc7 Nd2 $5 (37... fxg2 38.
Bxg2 Bxa3 39. Ne6 $14) 38. Nd5 Bxa3 39. Be3 Nxf1 40. Kxf1 fxg2+ 41. Kxg2 $10)
37. Na7 $1 $10 (37. Qe5 Qf7 $40 (37... f2+ {Dautov} 38. Kh1 (38. Bxf2 $2 Nxf2
39. Qe6+ Kh8 40. Nc7 Qf8 41. Qxc6 Nh3+ 42. gxh3 Bc5+ $19) 38... Qf7 $44)) 37...
f2+ (37... Ba8 38. Qc8 (38. Qe5 {Dautov} f2+ 39. Kh1 Qf7 40. Qb8+ Kh7 41. Qxa8
$4 Ng3+ 42. hxg3 Qh5#) 38... Qxc8 39. Nxc8 Bxa3 $10) (37... Bd7 38. Qe5 $14)
38. Bxf2 (38. Kh1 Ba8 $36 {(/\39...Nd2)}) 38... Qf8 $5 (38... Nxf2 39. Qxc6 $16
) 39. Qc8 $5 (39. Bd4 Bc5 (39... Nd2 40. Be2) 40. Qe5 $8 Qe7 $1 41. Qxe7 (41.
Qb8+ {Dautov} Be8 42. Nb5 $18) 41... Bxd4+ 42. Kh1 Nf2+ 43. Kg1 $10) 39... Nxf2
40. Nxc6 $6 $138 (40. Qxf8+ Kxf8 41. Nxc6 Bc5 42. g3 Nd1+ 43. Kh1 Bxa3 $14)
40... Bc5 $6 (40... Nh3+ $1 41. Kh1 (41. gxh3 $4 Bc5+ 42. Kh1 Qxc8 $19) 41...
Nf2+ $10) 41. Ne7+ (41. Qxf8+ Kxf8 42. g3 Nd1+ (42... Ng4+ {Dautov} 43. Kh1
Bxa3 44. Be2 $14) 43. Kh1 Bxa3 $14) (41. Ne7+ Bxe7 42. Qxf8+ Kxf8 43. Kxf2 Bxa3
$10) 1/2-1/2

[Event "Solin 8th"]
[Site "Solin/Split"]
[Date "2000.12.10"]
[Round "2"]
[White "Hauchard, Arnaud"]
[Black "Hulak, Krunoslav"]
[Result "0-1"]
[WhiteElo "2539"]
[BlackElo "2510"]
[Annotator "Hecht,H"]
[PlyCount "127"]
[EventDate "2000.12.09"]
[EventType "tourn"]
[EventRounds "9"]
[EventCountry "CRO"]
[EventCategory "12"]
[SourceTitle "CBM 081"]
[Source "ChessBase"]
[SourceDate "2001.03.20"]
[SourceVersion "1"]
[SourceVersionDate "2001.03.20"]
[SourceQuality "1"]

1. d4 Nf6 2. c4 e6 3. Nc3 Bb4 4. Qc2 c5 5. dxc5 Qc7 6. Nf3 a6 7. a3 Bxc5 8. Bg5
Be7 9. e3 b6 10. Be2 Bb7 11. O-O d6 12. Rfd1 Nbd7 13. Rd2 O-O 14. Rad1 Rfd8 15.
Bh4 Rac8 16. Rd4 h6 17. Rc1 Qb8 18. Qb1 Bc6 19. Bg3 e5 20. Rdd1 Nc5 21. Nd2 Qb7
22. Bf1 Na4 23. Nxa4 Bxa4 24. b3 Bc6 25. Qb2 Nh5 26. Nb1 f5 27. f3 Bf6 28. Nc3
Nxg3 29. hxg3 e4 30. f4 d5 31. Qf2 dxc4 32. Bxc4+ Kh8 33. Be6 Rxd1+ 34. Nxd1
Bd7 35. Rxc8+ Qxc8 36. Bxd7 Qxd7 37. Qc2 h5 38. Nf2 Kh7 39. a4 Be7 40. Qe2 Kh6
41. Qxa6 Bc5 42. Kh2 Bxe3 43. Nh3 h4 44. a5 Qd6 45. gxh4 g6 46. Qe2 Qd3 47. Qe1
Bd2 48. Qg3 Qxg3+ 49. Kxg3 Be1+ 50. Kh2 bxa5 {[#] Aktive schwarze Figuren,
Raum, bessere Bauernstruktur.} 51. g3 Kh5 52. Ng1 Kg4 53. Ne2 Kf3 54. Nd4+ Kf2
55. Kh3 (55. h5 gxh5 56. Nxf5 e3 57. Kh3 e2 58. Nh4 Bc3 59. Ng2 Bf6 60. f5 e1=Q
$19) 55... Bc3 56. Nc2 Bf6 57. g4 e3 58. g5 Bg7 59. h5 e2 60. hxg6 e1=Q 61.
Nxe1 Kxe1 62. Kg3 Ke2 63. Kg2 Ke3 64. Kg3 0-1

[Event "Groningen (Women)"]
[Site "Groningen"]
[Date "1999.12.30"]
[Round "9"]
[White "Zhukova, Natalia"]
[Black "Khurtsidze, Nino"]
[Result "1-0"]
[WhiteElo "2462"]
[BlackElo "2472"]
[Annotator "Hecht,H"]
[PlyCount "117"]
[EventDate "1999.12.19"]
[EventType "tourn"]
[EventRounds "10"]
[EventCountry "NED"]
[EventCategory "8"]
[SourceTitle "CBM 075"]
[Source "ChessBase"]
[SourceDate "2000.04.05"]
[SourceVersion "1"]
[SourceVersionDate "2000.04.05"]
[SourceQuality "1"]

1. d4 Nf6 2. c4 e6 3. Nc3 Bb4 4. Qc2 c5 5. dxc5 Na6 6. a3 Bxc3+ 7. Qxc3 Nxc5 8.
f3 a5 9. Bf4 Qe7 10. Rd1 Ra6 11. e4 a4 12. e5 Nh5 13. Be3 f5 14. Qb4 b6 15. Rd6
f4 16. Bxc5 bxc5 17. Qxc5 O-O 18. Nh3 Bb7 19. Bd3 Rc8 20. Qb5 Rxd6 21. exd6
Qh4+ 22. Kd2 Bc6 23. Qg5 Qxg5 24. Nxg5 h6 25. Nh3 g5 26. Nf2 Nf6 27. h4 Kg7 28.
hxg5 hxg5 29. Re1 g4 30. fxg4 Bxg2 31. Re5 Rh8 32. Ra5 Rh2 33. Ke1 Bc6 34. Bc2
Kf7 35. Bxa4 Ne4 36. Bxc6 Nxf2 37. Ra7 Nd3+ 38. Kf1 Nxb2 39. Rxd7+ Kf6 40. c5
Nd3 41. Rd8 Ne5 42. Be4 Nc4 43. Rf8+ Ke5 44. d7 Kxe4 45. d8=Q Nd2+ 46. Ke1 Ke3
47. Rh8 Re2+ 48. Kd1 Ne4 49. Qd4+ Kxd4 50. Kxe2 Nxc5 51. Kf3 e5 52. Rd8+ Kc4
53. Rc8 Kd5 54. Rxc5+ Kxc5 {[#] Motto: "Getrennt marschieren, vereint schlagen"
} 55. Ke4 Kc4 56. g5 f3 57. Ke3 $1 (57. Kxf3 Kd3 58. g6 e4+ 59. Kf2 Kd2 60. g7
e3+ 61. Kf3 e2 62. g8=Q e1=Q $11) 57... f2 58. Kxf2 Kd3 59. Ke1 1-0

[Event "ISL-FRA"]
[Site "Reykjavik"]
[Date "1993.??.??"]
[Round "4"]
[White "Hauchard, Arnaud"]
[Black "Hjartarson, Johann"]
[Result "0-1"]
[WhiteElo "2450"]
[BlackElo "2625"]
[Annotator "Hjartarson,J"]
[PlyCount "74"]
[EventDate "1993.??.??"]
[EventType "schev"]
[EventRounds "10"]
[EventCountry "ISL"]
[SourceTitle "CBM 035"]
[Source "ChessBase"]
[SourceDate "1993.08.01"]
[SourceVersion "1"]
[SourceVersionDate "1993.08.01"]
[SourceQuality "1"]

1. d4 Nf6 2. c4 e6 3. Nc3 Bb4 4. Qc2 c5 5. dxc5 Qc7 6. Nf3 Bxc5 7. Bg5 a6 8. e3
(8. Bxf6 gxf6 9. g3 b5 $1 10. Bg2 Bb7 11. O-O bxc4 12. Na4 Be7 13. b3 d5 14.
bxc4 Nd7 $10 {Chernin,A-Portisch,L Moskva 1990}) 8... Be7 9. Bd3 $146 (9. Be2
d6 10. O-O Nbd7 11. Rfd1 b6 12. Qd2 Bb7 13. Bf4 Ne5 $10 {Hulak,K-Portisch,L
Toluca izt 1982}) 9... d6 10. O-O Nbd7 11. a4 $6 (11. Rfd1 b6 12. Rac1 Bb7 $10)
11... h6 12. Bh4 b6 13. a5 $2 (13. Rfb1 Bb7 14. b4 O-O 15. a5 Rfc8 $10) 13...
bxa5 14. Ne4 (14. Qa4 Rb8 15. Rfb1 Bd8 $17) 14... O-O 15. Nxf6+ Nxf6 16. Nd2 (
16. Qa4 Rb8 17. Rfb1 Bd8 $17) 16... Rb8 17. Nb3 Bd7 18. Nxa5 Rb4 $1 $17 19. Ra2
(19. Nb3 $2 Ba4 20. Ra3 Rfb8 $19) 19... Rfb8 20. Rfa1 g5 $1 21. Bg3 Nh5 22. b3
Qc5 23. Qe2 Nxg3 24. hxg3 Bf6 25. Rd1 Bd8 26. Rda1 Qe5 27. Qf3 Rc8 28. Be4 (28.
Qe4 Qxe4 $1 29. Bxe4 d5 30. Bd3 Bxa5 31. Rxa5 Rxb3 32. Bf1 dxc4 $19) 28... d5
$1 (28... Rc5 $2 29. Nb7) (28... f5 $2 29. Bc6 $1 g4 30. Bxd7 gxf3 31. Bxc8 $16
) 29. Bd3 Rc5 30. cxd5 exd5 $2 (30... Bxa5 $1 31. Rxa5 Rxd5 $1 $19 32. Rxd5 (
32. Rxa6 Rxd3 $19) 32... Qxa1+ $19) 31. Qe2 Qc3 $2 (31... Bb5 32. Bxb5 Rbxb5
33. b4 Rc3 $15) 32. Bxa6 Bb5 33. Bxb5 Rbxb5 $2 (33... Rcxb5 $44) 34. Nc6 $1 $14
Bf6 35. Nd4 (35. Ra8+ Kg7 36. Nd4 Rb8 $1 $10) 35... Rb8 $1 (35... Bxd4 $2 36.
exd4 Qxd4 37. Qe8+ Kg7 38. Ra8 $18) 36. Ra8 $2 (36. Nf5 $14) 36... Rcc8 37.
Rxb8 $4 (37. R8a7 Bxd4 $10) 37... Qxa1+ 0-1

[Event "St Petersburg-ch"]
[Site "St Petersburg"]
[Date "1996.??.??"]
[Round "10"]
[White "Ivanov, Sergey"]
[Black "Aseev, Konstantin N"]
[Result "1-0"]
[WhiteElo "2515"]
[BlackElo "2560"]
[Annotator "Kantsler,B"]
[PlyCount "53"]
[EventDate "1996.04.??"]
[EventType "tourn"]
[EventRounds "13"]
[EventCountry "RUS"]
[EventCategory "11"]
[SourceTitle "CBM 056"]
[Source "ChessBase"]
[SourceDate "1997.02.01"]
[SourceVersion "1"]
[SourceVersionDate "1997.02.01"]
[SourceQuality "1"]

1. d4 Nf6 2. c4 e6 3. Nc3 Bb4 4. Qc2 c5 5. dxc5 Na6 6. a3 Bxc3+ 7. Qxc3 Nxc5 8.
b4 (8. f3 d5 9. cxd5 b6 10. b4 Na4 11. Qb3 b5 12. e4 a6 13. Ne2 O-O 14. Be3 $5
(14. Bg5 h6 15. Bh4 exd5 16. e5 Re8 17. f4 g5 18. Bf2 Ne4 $13 {Miles,A-De
Firmian,N Manila 1990 49/672 0:1 37}) 14... exd5 15. e5 d4 16. Nxd4 Re8 17. Rd1
Nd5 18. Nc6 Qc7 19. Qxd5 Bb7 20. Qd6 $14 {Rychagov,A-Logovoi,A St.Peterburg
1996 66/(467)}) 8... Nce4 9. Qc2 (9. Qd4 d5 10. c5 b6 11. f3 bxc5 12. bxc5 Qa5+
13. Qb4 Qc7 (13... Qxb4+ 14. axb4 Nc3 15. Bb2 $6 (15. e3 $5 e5 16. Ne2 $16)
15... d4 16. e4 Rb8 17. Bxc3 dxc3 18. b5 O-O 19. Rc1 a6 20. bxa6 Ra8 $10 {
Kanstler,B-Grinspon,E Israel 1996 1/2-1/2}) 14. fxe4 Rb8 15. Qa4+ Bd7 16. c6
O-O 17. Nf3 (17. Bd2 Bxc6 18. Qa5 Rb6 19. e3 Rfb8 20. Rc1 Nxe4 21. Nf3 $16 {
Ivanchuk,V-DE Firmian,N Manila 1990 1:0 39}) 17... Nxe4 18. e3 Rb6 19. Bd3 Rxc6
20. Qd1 Nc3 21. Qd2 e5 22. Bb2 e4 23. Nd4 exd3 24. Nxc6 Ne4 25. Qxd3 Qxc6 26.
O-O $16 {Schandorff,L-Volzhin,A Gistrup 1996 1:0 40}) 9... d5 10. f3 Nd6 (10...
Ng4 $2 11. Nh3 $1 (11. fxg4 $2 Qf6 $19) (11. fxe4 Qf6 12. Bb2 Qf2+ 13. Kd2 Qf4+
$19) 11... Qf6 12. Ra2 $16) 11. c5 Nf5 (11... Nc4 12. e4 $14) 12. e3 e5 $2 (
12... Qc7 13. Bb5+ Bd7 14. Bxd7+ Nxd7 (14... Qxd7 15. Ne2 O-O 16. O-O e5 17.
Rd1 Qe6 18. e4 $14) 15. Ne2 Qe5 16. Qc3 $14) (12... O-O 13. Bd3 Nh4 (13... Qc7
14. Bxf5 exf5 15. Ne2 $14) (13... Ne7 14. Bb2 $14) 14. Bb2 Re8 15. Qf2 Ng6 16.
Ne2 e5 17. O-O Qc7 $14) 13. Bb5+ Kf8 (13... Bd7 $2 14. Qxf5 Bxb5 15. Qxe5+ $18)
14. Ne2 e4 $6 (14... Be6 $32 $14) 15. O-O h5 16. fxe4 (16. Nc3 $6 exf3 17. Rxf3
d4 $13) 16... dxe4 (16... Nxe4 17. Bd3 Qf6 18. Bxe4 $1 (18. Bb2 $5 Nxe3 $13)
18... dxe4 19. Bb2 Nxe3 (19... Qg5 20. Nf4 Nxe3 21. Qd2 Nxf1 22. Ne6+ $18) 20.
Qb3 $1 Be6 $8 21. Qxe3 Qxb2 22. Nd4 Ba2 23. Rad1 $18) 17. c6 Nd6 (17... bxc6 $2
18. Bxc6 Rb8 19. Rxf5 Bxf5 20. Qc5+ $18) 18. Bb2 Nxb5 19. Qc5+ (19. Bxf6 gxf6
20. Qc5+ Qd6 21. Qxb5 bxc6 22. Qc4 $16) 19... Qd6 (19... Nd6 20. Bxf6 gxf6 21.
Rad1 Ke7 22. c7 Qd7 23. Nd4 (23. Rxf6 Kxf6 24. Rxd6+ $18) 23... b6 24. Nf5+ $18
) 20. Qxb5 Ng4 (20... bxc6 21. Qg5 $40) (20... Qxc6 21. Qg5 $40) (20... Qd5 21.
Qa4 Qxc6 22. b5 $40) 21. Ng3 (21. Nf4 bxc6 22. Qa5 Nxe3 23. Ng6+ $1 Kg8 (23...
Qxg6 24. Qd8#) 24. Nxh8 $18) 21... bxc6 (21... h4 22. cxb7 $18) 22. Qg5 f6 23.
Rad1 Qe7 (23... Qxd1 $2 24. Qc5+ $18) (23... Qc7 24. Bxf6 $1 gxf6 25. Rxf6+
Nxf6 26. Qxf6+ Kg8 27. Qg6+ Kf8 28. Rf1+ $18) 24. Nxh5 Be6 (24... Rh6 25. Rd8+
$1 Qxd8 26. Qxg7+ Ke8 27. Nxf6+ Rxf6 28. Bxf6 Nxf6 (28... Qd6 29. Qg6+ $18) 29.
Rxf6 Qd1+ 30. Rf1 Qd6 31. Qg8+ Kd7 32. Rf7+ Ke6 33. Rh7+ Ke5 34. Rh5+ Bf5 35.
Qg3+ $18) 25. h3 $1 Nxe3 (25... Kg8 26. Nxf6+ $18) (25... Rxh5 26. Qxh5 Nxe3
27. Qh8+ Bg8 28. Bxf6 $18) 26. Bxf6 gxf6 27. Rxf6+ (27. Rxf6+ Bf7 (27... Ke8
28. Ng7+) 28. Qg7+) 1-0

[Event "Gistrup"]
[Site "Gistrup"]
[Date "1996.??.??"]
[Round "2"]
[White "Schandorff, Lars"]
[Black "Volzhin, Alexander"]
[Result "1-0"]
[WhiteElo "2495"]
[BlackElo "2485"]
[Annotator "Kantsler,B"]
[PlyCount "79"]
[EventDate "1996.07.15"]
[EventType "tourn"]
[EventRounds "9"]
[EventCountry "DEN"]
[EventCategory "10"]
[SourceTitle "CBM 055"]
[Source "ChessBase"]
[SourceDate "1996.12.01"]
[SourceVersion "1"]
[SourceVersionDate "1996.12.01"]
[SourceQuality "1"]

1. d4 Nf6 2. c4 e6 3. Nc3 Bb4 4. Qc2 c5 5. dxc5 Na6 6. a3 Bxc3+ 7. Qxc3 Nxc5 8.
b4 Nce4 9. Qd4 d5 10. c5 b6 11. f3 bxc5 12. bxc5 Qa5+ 13. Qb4 Qc7 (13... Qxb4+
$6 14. axb4 Nc3 15. e3 e5 16. Ne2 $16) 14. fxe4 Rb8 15. Qa4+ Bd7 16. c6 O-O 17.
Nf3 $5 (17. Bd2 Bxc6 18. Qa5 Rb6 19. e3 Rfb8 20. Rc1 Nxe4 21. Nf3 $16 {
Ivanchuk,V-de Firmian,N/Manila/1990/1:0/39/}) 17... Nxe4 18. e3 Rb6 (18... Bxc6
19. Qc2 {/\Bd3,0-0/}) 19. Bd3 Rxc6 20. Qd1 (20. O-O $2 Rxc1 21. Raxc1 Qxc1 $17)
20... Nc3 21. Qd2 e5 22. Bb2 $1 (22. O-O $6 e4 23. Nd4 Rh6 $1 $17) 22... e4 23.
Nd4 exd3 24. Nxc6 Ne4 $8 25. Qxd3 Qxc6 26. O-O $16 Qg6 27. Qd4 h5 28. Rac1 Bb5
29. Rf5 Nf6 30. Qf4 {/\Rf5+-/} Ne4 31. Rxd5 Ba6 32. Qf5 Qxf5 33. Rxf5 Bd3 34.
Rd5 Be2 35. Rc2 Bg4 36. Rd4 Bf5 37. Rc1 Rb8 38. Rb4 Rxb4 39. axb4 Nd6 40. Rc5
1-0